[Event "ICS Rated blitz match"]
[Site "204.178.125.65"]
[Date "1999.08.18"]
[Round "?"]
[White "JudgeTurpin"]
[Black "Hossa"]
[Result "0-1"]
[WhiteElo "2718"]
[BlackElo "2314"]
[Annotator "Fritz 5.32 (15s)"]
[PlyCount "126"]
[EventDate "1999.??.??"]

1. Nf3 1... g6 {Opening = 3.Nf3} 2. d4 Bg7 3. e4 d5 4. exd5 Qxd5 5. Nc3 5...
Qa5 $146 (5... Qd8 6. Bc4 (6. Bf4 a6 7. Qd2 Bg4 8. Ne5 Nf6 9. Bc4 O-O 10. f3
Bc8 11. O-O-O Nbd7 12. g4 Nb6 13. Bb3 Nbd5 14. Nxd5 Nxd5 15. Bh6 e6 16. h4 Bxh6
17. Qxh6 Qf6 18. Bxd5 exd5 19. h5 Qg7 20. hxg6 fxg6 21. Rh2 Qxh6+ 22. Rxh6 Re8
23. Rdh1 Re7 24. f4 Rg7 25. Rf1 Bd7 26. f5 Bb5 27. Rf3 gxf5 28. gxf5 Rg1+ 29.
Kd2 Rf8 30. f6 Be8 31. f7+ Rxf7 32. Nxf7 Bxf7 33. Rhf6 Rg7 34. Ke3 h5 35. Kf4
Rg4+ 36. Ke3 Bg6 37. c3 Kg7 38. Rf8 Re4+ 39. Kf2 c6 40. R8f4 40... Re7 {
Ubezio,M-Horvat,I/Caorle 1981/EXT 99/ - (88)}) 6... Nf6 7. O-O (7. Ne5 O-O 8.
Be3 Nbd7 9. Qf3 c6 10. h3 Qa5 11. Ng4 Qb4 12. Bb3 Nxg4 13. a3 Nge5 14. dxe5 Qa5
15. e6 Bxc3+ 16. bxc3 Qxc3+ 17. Ke2 fxe6 18. Bxe6+ Kh8 19. Qe4 Nf6 20. Bd4 Qa5
21. Bc4 21... c5 {Hornicek,J-Nidl,P/CZE 1997/EXT 98/1-0 (59)}) 7... O-O 8. h3
Nbd7 9. Re1 Nb6 10. Bb3 a5 11. a4 Bd7 12. Qe2 Nc8 13. Bg5 Be8 14. Rad1 Kh8 15.
Ne4 Nxe4 16. Qxe4 Bc6 17. d5 Bd7 18. Nd4 Re8 19. Qh4 f6 20. Bc1 Nd6 21. Qf4 Rf8
22. c3 Qe8 23. Ne6 Bxe6 24. Rxe6 f5 25. Rde1 Bf6 26. Be3 Rf7 27. Bd4 Qf8 28.
Bxf6+ exf6 29. Qe3 Kg7 30. Bc2 b6 31. Bd3 Rd8 32. Qd4 Rdd7 33. f3 Nb7 34. Bb5
Rde7 35. b4 Nd8 36. R1e2 Nb7 37. bxa5 Nxa5 38. d6 Rxe6 39. Rxe6 Nb3 40. Qe3 {
Kuporosov,V-Voloshin,L/Ceske Budejovice 1994/EXT 97/1-0 (52)}) 6. Bd2 Bg4 7.
Be2 Nd7 8. Nb5 Qb6 9. Bf4 9... e5 $14 (9... Rc8 $5 $142 {ist zu ueberlegen} 10.
Ng5 10... Bf5 $15) 10. Nxe5 Nxe5 11. Bxe5 $11 (11. c4 a6 12. Bxg4 axb5 13. dxe5
13... Rd8 $14) 11... Bxe5 12. Bxg4 {Schwarz kann nicht lang rochieren} (12.
dxe5 Rd8 13. Nd6+ cxd6 14. Bxg4 14... dxe5 $15) 12... Qxb5 {
Haelt den Koenig im Zentrum fest} 13. dxe5 Nh6 14. Bh3 Qxe5+ 15. Qe2 Qxe2+ 16.
Kxe2 Rd8 17. Rad1 f5 18. Rxd8+ Kxd8 19. Rd1+ Ke7 20. g3 Nf7 21. Bg2 Nd6 22. Kf3
g5 23. Rd5 h5 24. Ra5 a6 25. Rc5 c6 26. Ke3 $15 (26. h4 26... Kf6 $11) 26...
Kf6 27. b3 Re8+ 28. Kd3 Rd8 29. Ke3 Nf7 30. f4 Re8+ 31. Kd3 g4 32. b4 32... Nd6
$11 (32... Re1 33. c4 $15) 33. c4 Re6 (33... Re1 34. Bxc6 bxc6 35. Rxc6 $11)
34. Bxc6 $17 (34. a4 $5 $11 $142 {muss geprueft werden}) 34... bxc6 35. Rxc6
Ne4 36. Rxe6+ Kxe6 37. a4 Kd6 38. a5 $17 (38. Kd4 $5 $15) 38... Kc6 39. Ke3 Nc3
40. Kd4 40... Ne2+ $15 (40... Na2 41. b5+ axb5 42. cxb5+ Kxb5 43. Ke5 $14) 41.
Ke5 $2 $19 {Weiss aktiviert den Koenig} (41. Kd3 $142 {sieht noch spielbar aus}
41... Ng1 42. Ke3 $15) 41... Nxg3 42. b5+ (42. hxg3 $4 {
den Springer zu nehmen, verliert} 42... h4 43. gxh4 g3 44. b5+ 44... axb5 $19)
42... Kb7 $17 (42... axb5 $142 {und Schwarz gewinnt} 43. cxb5+ 43... Kxb5 $19)
43. Kf6 $2 $19 (43. c5 $142 43... axb5 44. hxg3 $15) 43... Nf1 44. Kxf5 axb5 ({
Und nicht} 44... Nxh2 45. Ke4 g3 46. Ke3 $19) 45. cxb5 Nxh2 46. Ke4 g3 47. Ke3
h4 48. f5 48... h3 {Schwarz droht Ng4} 49. a6+ 49... Kb6 {Mit der Idee g2} 50.
a7 50... Kxa7 {Droht entscheidend Ng4} 51. f6 g2 52. Kf2 Ng4+ 53. Kg1 Nxf6 54.
Kf2 Ne4+ 55. Kg1 Kb6 56. Kh2 56... Kxb5 {Droht Matt} 57. Kg1 Kc5 (57... Nc3 $19
$142 {machte sofort alles klar}) 58. Kh2 Kd4 59. Kg1 Ke3 60. Kh2 Kf2 61. Kxh3
g1=Q 62. Kh4 Kf3 63. Kh3 (63. Kh5 {aendert nichts am Ausgang der Partie} 63...
Qg5#) 63... Qh1# (63... Qg3#) 0-1

[Event "ICS Rated blitz match"]
[Site "204.178.125.65"]
[Date "1999.08.18"]
[Round "?"]
[White "Hossa"]
[Black "JudgeTurpin"]
[Result "1-0"]
[WhiteElo "2343"]
[BlackElo "2689"]
[Annotator "Fritz 5.32 (15s)"]
[PlyCount "107"]
[EventDate "1999.??.??"]

1. d4 1... d5 {Opening = D08 - 2.c4 e5 (3.de5 d4 4.Nf3 Nc6 5.---)} 2. c4 e5 3.
dxe5 d4 4. Nf3 Nc6 5. a3 Be6 6. e3 dxe3 7. Qxd8+ Rxd8 8. Bxe3 Nge7 9. Nc3 a6 (
9... Nf5 10. Bf4 h6 11. h4 Be7 12. Nd5 Bxd5 13. cxd5 Rxd5 14. Bc4 Rc5 15. Rc1
a5 16. O-O Kf8 17. e6 g5 18. Bxc7 g4 19. Nd2 Ncd4 20. Bb6 Rc6 21. Bxa5 fxe6 22.
g3 Kf7 23. Bd3 Rhc8 24. Rxc6 {Babula,V-Krasenkow,M/Brno 1994/CBM 43/ - (49)}) (
9... Ng6 10. Nb5 Rd7 11. Rd1 Ncxe5 12. Nxe5 Nxe5 13. Rxd7 Kxd7 14. c5 a6 15.
Nc3 Nc4 16. Bxc4 Bxc4 17. b4 Be7 18. Bd4 Re8 19. Kd2 Bg5+ 20. Kc2 g6 21. g3 Re6
22. Rd1 Kc8 23. f4 Bf6 24. Bxf6 {
Horvath,M-Sommer,S/Gallspach 1997/EXT 99/ - (41)}) 10. Bg5 $146 (10. Ng5 Nxe5
11. Nxe6 fxe6 12. Be2 N7c6 13. O-O Be7 14. Rfe1 O-O 15. Ne4 Nd4 16. Bg5 Bxg5
17. Nxg5 h6 18. Bd1 Nd3 19. Re3 Nxb2 20. Nf3 20... Nxd1 {
0-1 Brass,J-Stanescu,B/Dortmund 1987/TD (20)}) 10... Bg4 $14 (10... Rd7 11. Rd1
Rxd1+ 12. Kxd1 $11) 11. Be2 Rb8 12. O-O Ng6 13. Nd5 h6 14. Be3 Kd8 15. e6 $11 (
15. Rad1 $5 15... Bxf3 16. Bxf3 Ngxe5 17. Be2 $14) 15... Bxe6 $14 (15... fxe6
16. Nc3 $11) 16. Rad1 Bd7 17. Rd2 17... Nge5 $2 $18 (17... Kc8 $5 $16 $142) 18.
Nxe5 Nxe5 19. Bf4 (19. Rfd1 $5 19... f6 20. f4 Nf7 21. Nxf6 Nd6 22. Nxd7 22...
Kxd7 $18) 19... f6 20. Rfd1 {Weiss erlangt Initiative} 20... Bd6 21. c5 Bxc5
22. Nxc7 Kxc7 23. Rxd7+ Kb6 24. Rxg7 Ka7 25. Rd5 25... Rbc8 $2 (25... Bb6 $18)
26. Rxc5 $1 {glaenzend gespielt} (26. Bxe5 $6 {ist wenig wert} 26... fxe5 27.
Rdd7 27... Rhe8 $18) 26... Rxc5 27. Be3 Rhc8 28. b4 (28. Bxh6 $6 {
kommt nicht in Frage} 28... Rc2 29. Bf1 Rxb2 30. Be3+ 30... Kb8 $11) (28. Bxc5+
$6 28... Rxc5 29. f4 29... Nc4 $18) 28... Kb8 29. bxc5 Rc7 30. Rxc7 Kxc7 31.
Bxh6 {Der Freibauer h2 greift sofort ein} 31... Kd8 32. g3 Nc6 33. Bf3 Ke7 34.
Bxc6 (34. Bd5 $5 {damit wuerde Weiss es sich noch erleichtern} 34... f5 $18)
34... bxc6 35. g4 Ke6 36. h4 {Weiss bereitet g5 vor} 36... Kd5 37. f4 {
Ermoeglicht auch g5. Weiss erhaelt Koenigsangriff} 37... Ke6 38. f5+ Ke7 39. g5
fxg5 40. Bxg5+ Kf7 41. h5 Kf8 42. Bf4 a5 43. a4 Kf7 44. Be5 Kg8 45. f6 Kf7 46.
h6 {Mit der Mattdrohung h7} 46... Ke6 47. h7 {Droht Matt: h8Q} 47... Kd5 48.
Bd6 (48. h8=Q Kxc5 49. f7 Kc4 50. f8=Q Kd3 51. Qf3+ Kc4 52. Qh4+ Kc5 53. Qd4#)
48... Kc4 49. h8=Q Kb4 (49... Kb3 {nuetzt auch nichts mehr} 50. f7 Kc4 51. f8=Q
Kb3 52. Qf3+ Kxa4 53. Qd4+ Kb5 54. Qfd3#) 50. f7 Ka3 (50... Kc4 {
aendert nichts mehr} 51. f8=Q Kb3 52. Qf3+ Kxa4 53. Qd4+ Kb5 54. Qfd3#) 51.
f8=Q Kb3 52. Qf3+ Kxa4 53. Qh4+ Kb5 54. Qe2# (54. Qd3#) 1-0

[Event "ICS Rated blitz match"]
[Site "204.178.125.65"]
[Date "1999.08.18"]
[Round "?"]
[White "JudgeTurpin"]
[Black "Hossa"]
[Result "1/2-1/2"]
[WhiteElo "2661"]
[BlackElo "2371"]
[Annotator "Fritz 5.32 (15s)"]
[PlyCount "80"]
[EventDate "1999.??.??"]

1. d4 1... a6 {Opening = A40 - 1.d4 ---} 2. e4 d5 (2... d6 3. Nc3 e6 4. Nf3 b5
5. a4 b4 6. Nb1 Nf6 7. Bd3 Be7 8. Qe2 d5 9. Nbd2 Bb7 10. e5 Nfd7 11. c4 a5 12.
cxd5 Bxd5 13. Ne4 Nc6 14. Be3 h6 15. Nfd2 Qb8 16. Rc1 Qb6 17. Qg4 Bf8 18. Ng3
Ne7 19. O-O Qb7 20. Nh5 O-O-O 21. Nc4 Bxc4 22. Bxc4 Nb6 23. Bb3 Ned5 24. Rc2
Kb8 25. Rfc1 Rd7 26. Ng3 Qa6 27. Qe4 Be7 28. Rc6 Qb7 29. Qd3 Nc8 30. R6c2 f5
31. exf6 gxf6 32. Ne4 Rg8 33. g3 f5 34. Nc5 Bxc5 35. Rxc5 Ncb6 36. Rxa5 f4 37.
Bd2 fxg3 38. fxg3 h5 39. Qe4 Rdg7 40. Rb5 Rg4 41. Qxe6 Rxg3+ 42. hxg3 Rxg3+ 43.
Kh2 Rxb3 44. Qg8+ Qc8 45. Rxb6+ {
1-0 Prokopchuk,E-Dmitriev,I/Azov 1996/CBM 56 ext (45)}) 3. exd5 Qxd5 4. Nc3
4... Qd7 $146 (4... Qd8 5. Nf3 Bg4 6. Be2 e6 7. h3 Bxf3 8. Bxf3 c6 9. O-O Bd6
10. Ne4 Bc7 11. c4 Nf6 12. Nc5 Ra7 13. Be3 b6 14. Nd3 O-O 15. Qc2 Bd6 16. Rfe1
Rd7 17. Ne5 Rc7 18. Rad1 Qc8 19. Ng4 {
Kopasz,R-Kovacs,G/HUN 1998/EXT 99/1-0 (40)}) (4... Qa5 5. Nf3 e6 6. Bd3 c6 7.
O-O Nf6 8. Qe2 Be7 9. Ne5 Qd8 10. Be3 Nbd7 11. Rad1 O-O 12. f4 Re8 13. Rf3 Nf8
14. Rh3 g6 15. g4 Nd5 16. g5 f6 17. gxf6 Bxf6 18. Ne4 Bg7 19. Bc1 Ne7 20. c3
Nf5 21. Qg4 Re7 22. b3 Rc7 23. Ba3 b6 24. Ng5 Raa7 25. Be4 Qe8 26. Qg2 Bb7 27.
c4 Ba8 28. d5 exd5 29. cxd5 Bxe5 30. fxe5 cxd5 31. Bxf5 gxf5 32. Nxh7+ Rg7 33.
Nf6+ {1-0 Rubinstein,A-Gunsberg,I/St.Petersburg 1914/HCL (33)}) 5. Nf3 Qd8 6.
Bc4 6... Nc6 {Schwarz muss dringend die Entwicklung vorantreiben.} 7. Bxf7+ $15
(7. O-O $5 $14 $142 {ist zu beachten}) 7... Kxf7 8. d5 Na5 9. b4 $17 (9. Ne5+
Ke8 10. Qh5+ g6 11. Nxg6 11... Nf6 $11) 9... Nc4 10. Ng5+ Ke8 11. Qe2 Nb6 12.
Be3 Nxd5 13. O-O-O (13. Nxh7 Rxh7 (13... Nxc3 14. Qh5+ Kd7 15. Nxf8+ Qxf8 16.
Qxh8 $15) 14. Qd3 g6 (14... Nxe3 $6 {ist schnell zu verwerfen} 15. Qg6+ Kd7 16.
Qd3+ Nd5 17. Nxd5 $15) 15. Nxd5 15... Bf5 $19) 13... c6 (13... Nxc3 $2 {
ist verfuehrerisch, aber} 14. Rxd8+ Kxd8 15. Qd2+ Ke8 16. Qxc3 $18) 14. Bc5
Ngf6 (14... Qd7 $5 15. Nxd5 cxd5 16. Qd3 $19) 15. Na4 $2 (15. Nce4 $142 15...
e5 16. c4 $19) 15... Bd7 (15... Qc7 $5 $142 {
und Schwarz haette es noch leichter} 16. Bd4 Qf4+ 17. Qd2 Qxd2+ 18. Rxd2 $19)
16. Ne6 (16. Nb6 Nxb6 17. Ne6 Qb8 18. Bxb6 Bxe6 19. Rd8+ Qxd8 20. Bxd8 20...
Bxa2 $19) 16... Qb8 (16... Bxe6 $142 {waere im Gewinnsinne praeziser} 17. Qxe6
17... Qc7 $19) 17. Nb6 $2 (17. Nxf8 $142 17... Kxf8 18. c4 $19) 17... Bxe6 $1 {
huebsch} 18. Qxe6 Nxb6 19. Bxb6 Qf4+ 20. Be3 Qxb4 21. Rd4 Qa3+ 22. Kb1 Nd5 23.
Bd2 (23. Bc1 {hilft auch nicht mehr} 23... Qd6 24. Qxd6 24... exd6 $19) 23...
Qd6 (23... Qc5 $5 {gibt noch groesseren Vorteil} 24. Be3 $19) 24. Qe2 (24. Qxd6
{waere gleichermassen fruchtlos} 24... exd6 25. c4 25... Nf6 $19) 24... Rd8 25.
Re1 (25. Rd3 {kann das Vorangegangene nicht ungeschehen machen} 25... c5 $19)
25... Qxh2 26. g3 c5 (26... Qh3 {ginge schneller} 27. Qe5 $19) 27. Rh4 (27. Re4
{holt die Kuh nicht vom Eis} 27... b5 $19) 27... Qg2 28. Rh5 b6 (28... c4 {
erleichterte Schwarz die Gewinnfuehrung} 29. Rhh1 Nf6 30. Bb4 $19) 29. Rg5 Qh3
30. g4 (30. Qxa6 {aendert den traurigen Lauf der Dinge nicht} 30... h6 31. Rge5
31... Qg4 $19) 30... Nc3+ 31. Bxc3 Qxc3 32. Rf5 Qb4+ 33. Ka1 33... Qd2 $11 (
33... Rd7 $142 {und Schwarz ist direkt am Ziel} 34. Rf3 34... g6 $19 (34...
Qxg4 {scheitert an} 35. Rxf8+ Rxf8 36. Qxg4 $18)) 34. Rxf8+ Kxf8 35. Qxe7+ Kg8
36. Qe6+ Kf8 37. Qe7+ Kg8 38. Qe6+ Kf8 39. Qe7+ Kg8 40. Qe6+ Kf8 1/2-1/2

[Event "ICS Rated blitz match"]
[Site "204.178.125.65"]
[Date "1999.08.18"]
[Round "?"]
[White "Hossa"]
[Black "PostModernist"]
[Result "1/2-1/2"]
[WhiteElo "2382"]
[BlackElo "2524"]
[Annotator "Fritz 5.32 (15s)"]
[PlyCount "205"]
[EventDate "1999.??.??"]

1. d4 1... Nf6 {Opening = E00 - 3.g3 (d5 4.---)} 2. c4 e6 3. Nc3 Be7 4. e4 d6
5. Bd3 (5. f4 Nbd7 6. e5 Ng8 7. Nf3 dxe5 8. fxe5 Bb4 9. Bd3 h6 10. O-O Ne7 11.
Ne2 c5 12. a3 Ba5 13. b4 cxb4 14. Nf4 Bc7 15. axb4 O-O 16. Qe2 Nb6 17. Nh5 Nf5
18. Qe4 g6 19. Nf6+ 19... Kg7 {Karpov,A-Rottmann,D/Zuerich 1988/EXT 97/1-0 (32)
}) 5... e5 6. Nge2 (6. d5 Bg4 7. f3 Bh5 8. Nge2 Nbd7 9. Ng3 Bg6 10. Be3 Nh5 11.
Nxh5 Bxh5 12. Qe2 Bg6 13. O-O O-O 14. b4 Bg5 15. Qd2 Bxe3+ 16. Qxe3 a5 17. a3
c6 18. Rfd1 c5 19. bxc5 Nxc5 20. Bc2 20... Qd7 {
Kauko,J-Vatanski,N/FIN-chJ U20 1996/EXT 98/0-1 (31)}) 6... exd4 $146 (6... c6
7. O-O Bg4 8. f3 Bh5 9. Be3 Nbd7 10. Ng3 Bg6 11. f4 exf4 12. Bxf4 Qb6 13. Be3
h5 14. h3 O-O-O 15. Nf5 Bxf5 16. Rxf5 g6 17. Rb1 Qc7 18. b4 Rh7 19. c5 Ne8 20.
Qa4 Kb8 21. b5 Ka8 22. b6 Qb8 23. Ba6 bxa6 24. b7+ Qxb7 25. Rxb7 Kxb7 26. Rxf7
26... Ka8 {1-0 Lanchava,T-Mozna Hojdarova,E/Policka 1993/EXT 97 (26)}) 7. Nxd4
O-O 8. O-O Bg4 9. f3 Bd7 10. Be3 c5 11. Nde2 Nc6 12. Nf4 Re8 13. Ncd5 (13. Bc2
13... Nb4 $14) 13... Nxd5 14. Nxd5 b6 15. Qd2 Bf6 16. Rad1 Bd4 17. Kh1 Bxe3 18.
Nxe3 18... Be6 $14 (18... Nd4 19. b3 $11) 19. Qf2 19... Qg5 $14 (19... Nd4 $5
$11 {muss erwogen werden}) 20. Qe1 $11 (20. f4 $5 {kommt in Betracht} 20... Qh6
21. f5 $14) 20... Nd4 $14 (20... Rad8 21. f4 Qf6 22. Qc3 $14) 21. a3 $11 (21.
f4 21... Qh5 $14) 21... a5 $14 (21... Qf4 $5 $11) 22. f4 Qh6 23. Qf2 Ra7 24.
Bc2 $11 (24. f5 $5 24... Bd7 25. Qg3 $14) 24... Bd7 25. Nd5 Bc6 26. Rde1 Rb7
27. Bd3 b5 28. cxb5 Nxb5 29. Bc4 Nd4 30. Re3 30... Reb8 {
Mit Angriff auf den rueckstaendigen Bauern} 31. Rb1 Bxd5 (31... a4 32. Nc3 $11)
32. Bxd5 {Nicht von der Hand zu weisen} 32... Rb6 33. Kg1 Ne6 34. g3 Nd4 35.
Qg2 Qh5 36. h3 Re8 37. Rd3 a4 38. Kh1 Reb8 39. Re3 Qg6 40. Rc3 Nb5 41. Rd3 Nc7
42. Bc4 42... Qf6 {b2 ist schwach} 43. Rd2 Ne6 44. Kg1 Nd4 45. Bd5 {
Da gehoert der Laeufer hin} 45... Rb5 46. h4 R5b6 47. Kh1 Qg6 48. Re1 Qg4 49.
Rf1 Rc8 50. Rff2 Re8 51. Rd3 Qg6 52. Kg1 Qf6 53. Rfd2 Qe7 54. Qf1 Qd7 55. Rc3
Rbb8 56. Qd1 Re7 57. Rcd3 Kh8 58. g4 58... Rf8 $14 (58... Rbe8 59. Re3 $11) 59.
h5 {Weiss gewinnt Raum} 59... Ree8 60. Rh3 Ne6 61. Qf3 h6 62. Qf2 $11 (62. Rhh2
Nd4 63. Qg3 63... Rb8 $14) 62... Kg8 $14 (62... Nc7 $5 63. Qf3 Nxd5 64. Rxd5
64... Qe6 $15) 63. Rhd3 Re7 64. Qg3 {Will g5 spielen} 64... Nd4 {
Der Brueckenkopf d4} 65. g5 {Raumvorteil} 65... hxg5 $16 (65... Kh8 $5 $11 $142
{muss unbedingt geprueft werden}) 66. fxg5 $14 (66. Qxg5 $5 66... Ne6 67. Qh4
$16) 66... Kh8 67. h6 67... Rg8 $2 $18 (67... f5 68. Rh2 68... g6 $11 (68...
fxe4 $2 {funktioniert nicht} 69. hxg7+ Kxg7 70. Qh4 Ne2+ 71. Rxe2 $18)) 68. Qh4
{Droht Matt} 68... g6 69. Qf2 Kh7 70. Qf6 Qc7 71. Rc3 Qa7 72. Rh3 (72. Rf2
72... Ne6 $18) 72... Rd7 (72... Qc7 $18) 73. Rhd3 (73. Rf2 $5 {
und Weiss haette es noch leichter} 73... Ne6 $18) 73... Nb5 $2 (73... Qc7 $18)
74. Rf2 Qa5 (74... Nd4 {macht keinen grossen Unterschied} 75. Bxf7 Rxf7 76.
Qxf7+ Qxf7 77. Rxf7+ Kh8 78. Ra7 $18) 75. Bc6 (75. Bxf7 $142 {
gibt noch groesseren Vorteil} 75... Qd8 76. e5 Nd4 77. exd6 Qxf6 78. Bxg8+ Kxg8
79. Rxf6 79... Nf5 $18) 75... Rc7 76. Bxb5 (76. Re3 $5 $142 {ist genauer} 76...
Nd4 (76... Rxc6 $4 {Schwarz kann den Laeufer nicht nehmen} 77. Qe7 Qe1+ 78.
Rxe1 Rg7 79. Rxf7 Rc8 80. Rxg7+ Kh8 81. Rh7+ Kg8 82. Qf7#) 77. Be8 Qa7 78. Bxf7
Rxf7 79. Qxf7+ Qxf7 80. Rxf7+ 80... Kh8 $18) 76... Qxb5 77. Rxd6 Qc4 (77... Qb3
78. Kg2 $18) 78. Qe5 Qc1+ (78... Qb3 $18) 79. Kh2 Ra7 80. Rfd2 (80. Rc6 $5 $142
{laesst dem Gegner kaum Chancen} 80... Qc4 $18) 80... Qe1 81. R6d3 Rb7 82. Rd5
$16 (82. Kg2 $5 82... Qh4 $18) 82... Rb3 $4 $18 {
ein Versehen in unangenehmer Stellung} (82... Qh4+ $142 83. Kg2 Qg4+ 84. Kf1
Qh3+ 85. Kg1 85... Rb3 $16) 83. Qf4 {Droht Matt: Qxf7} 83... Rf8 84. Rxc5 (84.
Rd7 $142 {und nichts geht mehr} 84... Rf3 $5 85. Qxf3 Qh4+ 86. Kg1 Qxg5+ 87.
Rg2 Qc1+ 88. Rd1 $18) 84... Rf3 $5 {Droht Matt} 85. Qxf3 Qxd2+ 86. Kh3 Qd7+ 87.
Qg4 {Es droht Matt} 87... Qd3+ 88. Kh4 Qd2 89. Qg3 89... Qxb2 $18 (89... Qe2
90. Kh3 $16) 90. Rd5 $14 (90. Qf4 $5 $18 $142) 90... Qe2 {Droht Matt: Qh5} 91.
Qf4 91... Qh5+ $2 $18 (91... Qe1+ 92. Kg4 f5+ 93. gxf6 Qg1+ 94. Qg3 Qxg3+ 95.
Kxg3 95... Rxf6 $16) 92. Kg3 {Droht Matt: Qf6} 92... Qh1 93. Rd7 $4 $11 {
wirft den Vorteil weg} (93. Rd2 $142 {und Weiss bekommt die Oberhand} 93...
Qg1+ 94. Rg2 $18) 93... Qg1+ 94. Kh3 {Es droht Matt} 94... Qh1+ 95. Qh2 {
Droht Matt} 95... Qf3+ 96. Qg3 {Mit der Mattdrohung Qxf3} 96... Qh1+ 97. Kg4
Qxe4+ 98. Kh3 Qh1+ 99. Qh2 {Droht Matt} 99... Qf3+ 100. Qg3 {Droht Matt: Qxf3}
100... Qh1+ 101. Qh2 {Mit der Mattdrohung Qxh1} 101... Qf3+ 102. Qg3 {
Es droht Matt} 102... Qh1+ 103. Kg4 $17 (103. Qh2 $5 $142 {ist bedenkenswert}
103... Qf3+ $11) 1/2-1/2

[Event "ICS Rated blitz match"]
[Site "204.178.125.65"]
[Date "1999.08.18"]
[Round "?"]
[White "PostModernist"]
[Black "Hossa"]
[Result "1-0"]
[WhiteElo "2518"]
[BlackElo "2388"]
[Annotator "Fritz 5.32 (15s)"]
[PlyCount "155"]
[EventDate "1999.??.??"]

1. d4 1... a6 {Opening = A40 - 1.d4 ---} 2. e4 d5 (2... d6 3. Nc3 e6 4. Nf3 b5
5. a4 b4 6. Nb1 Nf6 7. Bd3 Be7 8. Qe2 d5 9. Nbd2 Bb7 10. e5 Nfd7 11. c4 a5 12.
cxd5 Bxd5 13. Ne4 Nc6 14. Be3 h6 15. Nfd2 Qb8 16. Rc1 Qb6 17. Qg4 {
Prokopchuk,E-Dmitriev,I/Azov 1996/CBM 56 ext/1-0 (45)}) 3. exd5 Qxd5 4. Nc3
4... Qd7 $146 (4... Qd8 5. Nf3 Bg4 6. Be2 e6 7. h3 Bxf3 8. Bxf3 c6 9. O-O Bd6
10. Ne4 Bc7 11. c4 Nf6 12. Nc5 Ra7 13. Be3 b6 14. Nd3 O-O 15. Qc2 Bd6 16. Rfe1
Rd7 17. Ne5 Rc7 18. Rad1 Qc8 19. Ng4 {
Kopasz,R-Kovacs,G/HUN 1998/EXT 99/1-0 (40)}) (4... Qa5 5. Nf3 e6 6. Bd3 c6 7.
O-O Nf6 8. Qe2 Be7 9. Ne5 Qd8 10. Be3 Nbd7 11. Rad1 O-O 12. f4 Re8 13. Rf3 Nf8
14. Rh3 g6 15. g4 Nd5 16. g5 f6 17. gxf6 Bxf6 18. Ne4 Bg7 19. Bc1 {
Rubinstein,A-Gunsberg,I/St.Petersburg 1914/HCL/1-0 (33)}) 5. Be2 e6 6. Nf3 Nc6
7. Bg5 Be7 8. d5 exd5 9. Nxd5 Bxg5 10. Nxg5 Nge7 11. Ne3 O-O 12. Bd3 h6 13. Nf3
Nb4 14. O-O Re8 15. Bc4 Qxd1 16. Raxd1 Nf5 17. c3 Nc6 18. Nd5 Be6 19. b3 b5 20.
Bxb5 axb5 21. Nxc7 Rec8 22. Nxa8 Rxa8 23. Rd2 g5 24. Re1 Ra3 25. Ne5 Na5 26.
Nd7 Kg7 27. Nc5 Kf6 28. Nxe6 fxe6 29. Rde2 Kf7 30. Rxe6 Nb7 31. g4 Nfd6 32.
Rxh6 Rxa2 33. Re5 Rc2 34. Rxg5 Rxc3 35. Rd5 Ke7 36. Re5+ Kd7 37. f4 Rxb3 38. h3
b4 39. f5 Rd3 40. Re2 b3 41. Kf1 Nc4 42. Re1 Rd2 43. f6 b2 44. f7 Ne3+ 45. Kg1
Re2 46. Rb1 Rg2+ 47. Kh1 Rf2 48. Rh7 Kc6 49. Rxb2 Rf1+ 50. Kh2 Nd8 51. Rb3 Nd5
52. Rh6+ Kc5 53. Rh5 Ne6 54. Rd3 Rxf7 55. Rhxd5+ Kb4 56. h4 Rf4 57. Kg3 Rc4 58.
Rd1 Rc3+ 59. R5d3 Rc4 60. Rb1+ Kc5 61. h5 Rc2 62. Rb8 Re2 63. Rc8+ Kb4 64. h6
Ng5 65. Rd7 Ka3 66. Ra7+ Kb2 67. Rb8+ Kc3 68. Rc7+ Kd4 69. Rd8+ Ke5 70. Re7+
Kf6 71. Rxe2 Kf7 72. Rd7+ Kf6 73. Rde7 Ne4+ 74. R2xe4 Kg6 75. h7 Kf6 76. h8=Q+
Kg5 77. Rg7+ Kf6 78. Qf8# 1-0

[Event "ICS Rated standard match"]
[Site "204.178.125.65"]
[Date "1999.08.18"]
[Round "?"]
[White "Nyi"]
[Black "Hossa"]
[Result "0-1"]
[WhiteElo "1924"]
[BlackElo "2184"]
[Annotator "Fritz 5.32 (15s)"]
[PlyCount "26"]
[EventDate "1999.??.??"]

1. e4 1... e5 {Opening = C44 - 2.Nf3 Nc6(3.d4 ed4 4.---)} 2. Nf3 Nc6 3. g3 Nf6
4. d3 d5 5. Bg5 $15 (5. exd5 $5 5... Nxd5 6. Bg2 $11) (5. Nbd2 Bg4 (5... Be7 6.
Bg2 dxe4 7. dxe4 O-O 8. O-O b6 9. Re1 Bb7 10. b3 Bc5 11. Bb2 Ng4 12. Rf1 Ba6
13. c4 f6 14. a3 Bc8 15. h3 Nh6 16. b4 Bd4 17. Qc2 Bxb2 18. Qxb2 Be6 19. c5 Qd7
20. b5 {Bronstein,D-Lengyel,L/Amsterdam 1964/IZT/ - (30)}) 6. h3 Bh5 7. Bg2
dxe4 8. dxe4 Qd7 9. c3 Qd3 10. Qe2 Qxe2+ 11. Kxe2 Be7 12. b4 a6 13. Bb2 Nd7 14.
a4 O-O 15. Nc4 f5 16. g4 fxg4 17. hxg4 Bxg4 18. Ne3 Nf6 19. Rag1 19... Bh5 {
Janosevic,D-Karaklajic,N/Belgrade 1961/EXT 99/0-1 (36)}) 5... dxe4 {
Schwarz entwickelt eine toedliche Initiative} 6. Bxf6 6... gxf6 {Befestigt g5}
7. dxe4 Qxd1+ 8. Kxd1 Bg4 9. Nbd2 $2 $19 (9. Be2 $17 $142) 9... O-O-O 10. Ke1 (
10. Be2 Bxf3 11. Bxf3 Bh6 12. Bg4+ 12... Kb8 $19) 10... Nb4 11. Bd3 Nxd3+ 12.
cxd3 Bb4 13. Ke2 $6 {fuegt sich in sein Schicksal} (13. Kf1 Rxd3 14. h3 $19)
13... Bxd2 (13... Bxd2 14. Kxd2 14... Bxf3 $19) 0-1